000 00517nam a2200181Ia 4500
005 20250508160153.0
008 008 250505s9999 xx 000 0 eng d
037 _aBooks to be hide in OPAC
040 _aFEDL
_beng
_cFEDL
041 _aeng
_2eng
084 _qFEDL
245 0 _aSchools and classes for feeble-minded and subnormal children 1918
260 _aWashington, USA
_bU.S. Government Printing Office
_c1920
300 _a37p.
546 _aWeeded out
942 _cHB
999 _c1362395
_d1362395